000 00460nam a2200169Ia 4500
008 240729s9999 xx 000 0 und d
022 _a2667-2685
245 0 _aClinical Nutrition Open Science
260 _aUnited Kingdom
260 _bElsevier
650 _a Home economics
650 _a Nutrition. Foods and food supply
650 _aTechnology
856 _uhttps://doaj.org/toc/07a19a6e44ce498482abcf93bd6c4ac6
942 _2ddc
942 _cDOAJEJ
999 _c66179
_d66179
945 _a1
_bMadushi Gamage
_c1
_dMadushi Gamage